• 首页
  • 本馆介绍
  • 公告通知
  • 最新文献
  • 馆藏检索
  • 电子资源
  • 读者导购
  • 参考咨询
  • 我的图书馆
  • 登录
  • 详细信息显示
  • 放入我的书架
  • 预约/预借图书
  • 作者相关作品
  • 分类相关作品
  • 丛书相关作品
  • 出版社相关作品

书目信息

  • 表格格式
  • 工作单格式
  • 卡片格式
题名:
考研英语(二)屠屠讲真题
    
 
作者: 屠皓民 主编
分册:  
出版信息: 北京   北京理工大学出版社有限责任公司  2019
页数: 416页
开本: 26cm
丛书名:
单 册:
中图分类: H310.421-44 , H310.42
科图分类:
主题词: 英语--硕士生入学考试--题解
电子资源:
ISBN: 978-7-5682-6987-2
000 00792nam0 2200241 450
001 2367646343
005 20231215204046.42
010    @a978-7-5682-6987-2@dCNY 66.80
100    @a20190605d2019 em y0chiy0120 ea
101 0  @achi@aeng
102    @aCN@b110000
105    @ay q 000yy
200 1  @a考研英语(二)屠屠讲真题@Akao yan ying yu ( er ) tu tu jiang zhen ti@b专著@f屠皓民主编
210    @a北京@c北京理工大学出版社有限责任公司@d2019
215    @a416页@d26cm
300    @a屠屠考研英语系列
330    @a本书收录了2010-2019年全国硕士研究生入学统一考试英语(二)试题思路精析与考点探秘。
606 0  @a英语@x硕士生入学考试@j题解
690    @aH310.421-44@v5
690    @aH310.42@v4
701  0 @a屠皓民@Atu hao min@4主编
801  2 @aCN@b辽宁北配@c20231205
905    @aZUCC@dH310.42@e144
    
    考研英语(二)屠屠讲真题/屠皓民主编.-北京:北京理工大学出版社有限责任公司,2019
    416页;26cm
    屠屠考研英语系列
    
    ISBN 978-7-5682-6987-2:CNY 66.80
    本书收录了2010-2019年全国硕士研究生入学统一考试英语(二)试题思路精析与考点探秘。
●
相关链接 在五车中查询图书 在当当中查询图书 在豆瓣中查询图书


正题名:考研英语(二)屠屠讲真题     索取号:H310.42/144         预约/预借

序号 登录号 条形码 馆藏地/架位号 状态 备注
1 2001513037   2001513037   第四书库/130/ [索取号:H310.42/144] 在馆    
2 2001513038   2001513038   第四书库/130/ [索取号:H310.42/144] 在馆    
3 2001513039   2001513039   第四书库/130/ [索取号:H310.42/144] 在馆    
4 2001513040   2001513040   第四书库/130/ [索取号:H310.42/144] 在馆    
5 2001513041   2001513041   第四书库/130/ [索取号:H310.42/144] 在馆    
6 2001513042   2001513042   第四书库/130/ [索取号:H310.42/144] 在馆    
7 2001513043   2001513043   第四书库/130/ [索取号:H310.42/144] 在馆    
8 2001513044   2001513044   第四书库/130/ [索取号:H310.42/144] 在馆    
9 2001513045   2001513045   第四书库/130/ [索取号:H310.42/144] 在馆    
10 2001513046   2001513046   第四书库/130/ [索取号:H310.42/144] 在馆    
11 2001513047   2001513047   第四书库/130/ [索取号:H310.42/144] 在馆    
12 2001513048   2001513048   第四书库/130/ [索取号:H310.42/144] 在馆    
13 2001513049   2001513049   第四书库/130/ [索取号:H310.42/144] 在馆    
14 2001513050   2001513050   第四书库/130/ [索取号:H310.42/144] 在馆    
15 2001513051   2001513051   第四书库/130/ [索取号:H310.42/144] 在馆    
16 2001513052   2001513052   第四书库/130/ [索取号:H310.42/144] 在馆    
山东省滨州职业学院图书馆 欢迎您!
大连网信软件有限公司© 版权所有